Регионална библиотека "Любен Каравелов" - Русе

Устав на Музикалното дружество "Лира" в гр. Русе (Запис номер 167755)

MARC детайли
000 -Лидер
Контролно поле с фиксирана дължина 01485nam a2200433 c 4500
003 - Код на организацията, давaща контролен номер
Контролно поле BLK
005 - Дата и час на последна редакция
Контролно поле 20250122135754.0
008 - Елементи от данни с фиксирана дължина
fixed length control field 180411b bul|||||r ||||||| ||bul||
010 ## - Наследен системен номер
LC control number KNG00175592000
040 ## - Източник на каталожния запис
Идентификатор на билиотеката - собственик на записа BLK
041 ## - Код за език
Код за езика на текст/звукозапис или на отделно заглавие Български
Код за езика КДБФ Български
072 #7 - Код за тематичната категория
Код организация bullib
Код за тематична категория К
Текст Краезнание
080 ## - УДК
Текстов определител УДК Музика
УДК код - определител по УДК 78
УДК определител :061.23(497.215)
УДК - код + определител 78:061.23(497.215)
110 1# - Редна дума - колетивен орган
Редна дума - наименование на организация или юридическо лице Музикално д-во Лира. Русе
9 (RLIN) 2554
139 ## - Редно поле
Редна дума Музикално д-во Лира. Русе
Авторски знак Му - М 95
245 10 - Сведения за заглавието
Заглавие Устав на Музикалното дружество "Лира" в гр. Русе
Подзаглавни данни Основано во 1891 год.
257 ## - Страна на издаване
Страна на създаване/издаване България
260 ## - Област на издателските данни
Име на издателя, разпространителя и проч. Муз. д-во Лира
Година на издаване 1907
Печатница Русе : печ. Б. Н. Малджиев
300 ## - Физическа характеристика
Страници 11 с.
Размери/Мащаб 15 см
380 ## - Жанр
Жанр Изкуство
650 #4 - Допълнително описание по предмет – тема
Основно описание – тема или топоним Музика - България - история
9 (RLIN) 261617
650 #4 - Допълнително описание по предмет – тема
Основно описание – тема или топоним Русе - музика
9 (RLIN) 337636
650 #4 - Допълнително описание по предмет – тема
Основно описание – тема или топоним Дружества - България - устави
9 (RLIN) 321730
651 #4 - Допълнително описание по предмет - топоним
Географско понятие България
9 (RLIN) 241624
651 #4 - Допълнително описание по предмет - топоним
Географско понятие Русе
9 (RLIN) 179462
653 ## - Ключова дума – ненормативна
Ключова дума музика
653 ## - Ключова дума – ненормативна
Ключова дума история
653 ## - Ключова дума – ненормативна
Ключова дума дружества
653 ## - Ключова дума – ненормативна
Ключова дума Русе
659 ## - Тематичен бюлетин
Тематичен бюлетин К
852 ## - Местоположение
Форматна сигнатура Цб І 27114
852 ## - Местоположение
Форматна сигнатура К 78/М 95
856 4# - Електронен адрес и достъп
Електронен формат pdf - файл
856 4# - Електронен адрес и достъп
Електронен формат pdf - файл
999 ## - СИСТЕМНИ КОНТРОЛНИ НОМЕРА
Koha biblionumber 167755
Koha biblioitemnumber 167755
942 ## - АРТИКУЛИ
Вид на библиотечния материал Книги
Скрит в OPAC Не
Периодичен библиозапис Да
Koha issues (borrowed), all copies 2
944 ## - СЪЗДАВАНЕ И РЕДАКЦИЯ на ЗАПИСА
Създаване/Редакция Създаване
Дата на регистрацията/редакция 21.05.2015
Служител, извършил регистрацията/редакцията 30558
Статус, дата на статуса Валя Йорданова
944 ## - СЪЗДАВАНЕ И РЕДАКЦИЯ на ЗАПИСА
Създаване/Редакция Редакция
Дата на регистрацията/редакция 07.08.2015
Служител, извършил регистрацията/редакцията Валя_Йорданова
999 ## - СИСТЕМНИ КОНТРОЛНИ НОМЕРА
Koha biblioitemnumber 167755
Наличности
Код за отписване Код за изгубен артикул Източник на класификационната схема Код за повреда Коз за рестрикции Код за отдаване Артикулен № Име на библиотеката - собственик Име на библиотеката, в която се намира в момента Статус (Текущо местоположение) Дата на вписване в системата Местоположение - отдел Цена в лева Инвентарен номер Систематично азбучна сигнатура Баркод Номер на екземпляра Цена в евро Служебна бележка Служебен тип на артикула
  Не е изгубен Universal Decimal Classification Не е повреден само за читалня ползва се в читалня 282696 Регионална библиотека "Любен Каравелов" Русе Регионална библиотека "Любен Каравелов" Русе Краезнание 1907-01-01 Краезнание 0.00 594820 К 78/М 95 120000594820 1 0.00 N: Сф Дата: 01.01.1907 Дата инв: 10.11.2017 Бележки инв: К2017 Книги
Vip Innovations Ltd, Rousse, Bulgaria 2025